[Event "Tournoi francophone 018G"]
[Site "Skype"]
[Date "????.??.??"]
[Round "1.1"]
[White "Martin, Jean-Claude"]
[Black "Blanchard, Colette"]
[Result "1/2-1/2"]
[WhiteElo "1128"]
[BlackElo "1090"]
[PlyCount "69"]

1. d4 d5 2. c4 c6 3. Nc3 Nf6 4. Bf4 Bf5 5. e3 e6 6. a3 Be7 7. Bd3 Bxd3 8. Qxd3
O-O 9. Nf3 Nbd7 10. cxd5 cxd5 11. O-O Rc8 12. Ne5 Nxe5 13. Bxe5 a6 14. Bxf6
Bxf6 15. Na4 Be7 16. Rfc1 Qa5 17. Qb3 b5 18. Nc3 Bd6 19. g3 h6 20. Kg2 Qb6 21.
Qc2 Qb7 22. Qd1 Rfd8 23. b4 e5 24. f3 exd4 25. Qxd4 Be7 26. a4 Bf6 27. Qd3 Bxc3
28. Rxc3 Rxc3 29. Qxc3 Rc8 30. Qd2 Qd7 31. a5 Qd6 32. Rc1 Rxc1 33. Qxc1 Qxb4
34. Qc8+ Kh7 35. Qxa6 1/2-1/2

[Event "Tournoi francophone 018G"]
[Site "Skype"]
[Date "????.??.??"]
[Round "1.2"]
[White "Prieto Umba, Jairo Ovidio"]
[Black "Dib, Catherine"]
[Result "1-0"]
[WhiteElo "1219"]
[BlackElo "1100"]
[PlyCount "57"]

1. d4 Nf6 2. c4 e6 3. Nc3 Bb4 4. e3 O-O 5. Bd3 d5 6. Bd2 Nbd7 7. Nf3 c5 8. a3
Bxc3 9. Bxc3 b6 10. O-O Bb7 11. Qc2 h6 12. Nd2 Qc7 13. dxc5 bxc5 14. cxd5 exd5
15. Bxf6 Nxf6 16. h3 Rad8 17. Rac1 Rc8 18. Bf5 Rcd8 19. Qxc5 Qxc5 20. Rxc5 Bc8
21. Bxc8 Rxc8 22. Rfc1 Rfd8 23. Rxc8 Rxc8 24. Rxc8+ Kh7 25. Rc7 Kg8 26. Rxa7 g5
27. b4 Kg7 28. g4 Kg6 29. f3 1-0

[Event "Tournoi francophone 018G"]
[Site "Skype"]
[Date "????.??.??"]
[Round "1.3"]
[White "Moraga Vasquez, Michael"]
[Black "Vervoort, Jean-Louis"]
[Result "1-0"]
[WhiteElo "1168"]
[BlackElo "1273"]
[PlyCount "87"]

1. e4 e5 2. Nf3 Nc6 3. Bb5 d6 4. c3 Nf6 5. d3 g6 6. h3 Bg7 7. O-O O-O 8. Re1
Be6 9. d4 exd4 10. cxd4 d5 11. Nc3 dxe4 12. Nxe4 Nxe4 13. Rxe4 Bd5 14. Bxc6
Bxe4 15. Bxe4 Re8 16. Bxb7 Rb8 17. Bc6 Re6 18. Qc2 Bxd4 19. Nxd4 Qxd4 20. Be3
Rxb2 21. Bxd4 Rxc2 22. Rb1 f6 23. Bd5 Kf7 24. Re1 Rcc6 25. Bxe6+ Rxe6 26. Rxe6
Kxe6 27. Bxa7 Kd5 28. Bb8 c5 29. Bf4 c4 30. Bc1 c3 31. Kf1 Kc4 32. Ke2 h5 33.
Ke3 f5 34. a4 Kb4 35. Kd3 Kxa4 36. Kxc3 Kb5 37. Kd4 Kc6 38. Ke5 Kd7 39. Kf6 Kd6
40. Kxg6 Ke5 41. Kxh5 f4 42. g3 f3 43. Kg5 Ke4 44. h4 1-0

[Event "Tournoi francophone 018G"]
[Site "Skype"]
[Date "????.??.??"]
[Round "1.4"]
[White "Abate, Luigi"]
[Black "Lognos, Lina"]
[Result "0-1"]
[WhiteElo "1153"]
[BlackElo "1009"]
[PlyCount "76"]

1. d4 d5 2. Bf4 Nf6 3. e3 e6 4. Nf3 Bd6 5. Nbd2 c5 6. c3 c4 7. Be2 Nc6 8. O-O
O-O 9. Re1 Re8 10. b3 h6 11. bxc4 Ne4 12. Nxe4 dxe4 13. Nd2 Bxf4 14. exf4 f5
15. Nb3 Qc7 16. g3 b6 17. c5 Ne7 18. Rb1 Bb7 19. Bc4 Qc6 20. Be2 Nd5 21. Rc1
Nf6 22. f3 exf3 23. Bxf3 Qxf3 24. Qxf3 Bxf3 25. Nd2 Be4 26. a3 bxc5 27. dxc5
Rac8 28. Nb3 Nd7 29. Nd2 Nxc5 30. Re3 Red8 31. Nxe4 fxe4 32. g4 Rd2 33. h4 Rb8
34. f5 Rbb2 35. Kf1 Rf2+ 36. Ke1 Nd3+ 37. Rxd3 exd3 38. Kd1 Rf1# 0-1

[Event "Tournoi francophone 018G"]
[Site "Skype"]
[Date "????.??.??"]
[Round "1.5"]
[White "Coude, Josue"]
[Black "Hampton, Irene"]
[Result "1-0"]
[WhiteElo "1073"]
[BlackElo "1057"]
[PlyCount "69"]

1. d4 d5 2. Bf4 Bf5 3. Nf3 e6 4. e3 Be7 5. Be2 Nf6 6. Ne5 O-O 7. O-O c5 8. c3
Nbd7 9. Nd2 Re8 10. Qb3 b6 11. h3 h5 12. Nc6 Qc8 13. Nxe7+ Rxe7 14. Rfe1 a6 15.
Nf3 Bg6 16. Nh4 Be4 17. f3 Bh7 18. g4 c4 19. Qa3 Nc5 20. dxc5 bxc5 21. Bd6 Rc7
22. Bxc7 Qxc7 23. e4 Rd8 24. exd5 exd5 25. Qxa6 Qg3+ 26. Ng2 Qxh3 27. Qb6 Re8
28. Qxc5 Qg3 29. Kf1 h4 30. Qf2 g5 31. Qxg3 hxg3 32. b3 Nd7 33. bxc4 Re5 34.
cxd5 f5 35. Bb5 1-0

[Event "Tournoi francophone 018G"]
[Site "Skype"]
[Date "????.??.??"]
[Round "2.1"]
[White "Blanchard, Colette"]
[Black "Hampton, Irene"]
[Result "1-0"]
[WhiteElo "1090"]
[BlackElo "1057"]
[PlyCount "79"]

1. d4 d5 2. c4 c6 3. Nc3 Bf5 4. Nf3 e6 5. Bf4 Nd7 6. e3 c5 7. Be2 Ngf6 8. O-O
Be7 9. h3 O-O 10. Bd3 Bxd3 11. Qxd3 Nh5 12. Bh2 a6 13. cxd5 exd5 14. Nxd5 Bf6
15. Nxf6+ Ndxf6 16. Qc3 Rc8 17. b4 Ne4 18. Qb2 f5 19. Be5 Rc7 20. Bxc7 Qxc7 21.
bxc5 f4 22. Nd2 Ng5 23. e4 f3 24. e5 b5 25. h4 Qe7 26. hxg5 Qxg5 27. g3 Qg4 28.
Qb3+ Kh8 29. Rae1 Qh3 30. Nxf3 Nf4 31. gxf4 Rxf4 32. Ng5 Rg4+ 33. Qg3 Qxg3+ 34.
fxg3 h6 35. Ne4 Kh7 36. Kh2 g5 37. Rf7+ Kg6 38. Rf6+ Kg7 39. c6 h5 40. c7 1-0

[Event "Tournoi francophone 018G"]
[Site "Skype"]
[Date "????.??.??"]
[Round "2.2"]
[White "Lognos, Lina"]
[Black "Coude, Josue"]
[Result "1-0"]
[WhiteElo "1009"]
[BlackElo "1073"]
[PlyCount "57"]

1. d4 d5 2. Bf4 Bf5 3. c4 dxc4 4. Qa4+ Nc6 5. Qxc4 e6 6. e3 Nf6 7. Nf3 Bb4+ 8.
Nc3 Nh5 9. a3 Ba5 10. Ne5 Nxe5 11. Bxe5 f6 12. Qa4+ Qd7 13. Qxa5 fxe5 14. Qxe5
Nf6 15. Nb5 O-O 16. Qxc7 Qxc7 17. Nxc7 Rac8 18. Nb5 a6 19. Nd6 Rb8 20. Nxf5
exf5 21. Bd3 g6 22. O-O Rfe8 23. Bc4+ Kf8 24. Rfc1 b5 25. Ba2 Ne4 26. Rc7 h5
27. Rac1 Ng5 28. R1c6 Ne6 29. Bxe6 1-0

[Event "Tournoi francophone 018G"]
[Site "Skype"]
[Date "????.??.??"]
[Round "2.3"]
[White "Vervoort, Jean-Louis"]
[Black "Abate, Luigi"]
[Result "1-0"]
[WhiteElo "1273"]
[BlackElo "1153"]
[PlyCount "84"]

1. d4 d5 2. Bf4 Nc6 3. Nf3 e6 4. c3 Bd6 5. Bg3 Nge7 6. Nbd2 O-O 7. e3 h6 8. Qc2
Re8 9. Bd3 Bd7 10. O-O-O g6 11. h4 Kg7 12. Bxd6 cxd6 13. h5 e5 14. dxe5 dxe5
15. e4 Be6 16. exd5 Bxd5 17. hxg6 fxg6 18. g4 e4 19. Nxe4 Rf8 20. Ned2 Qc7 21.
Rh3 Rae8 22. g5 h5 23. Nh4 Ne5 24. Nxg6 N7xg6 25. Bxg6 Nxg6 26. Rxh5 Re6 27.
Rh6 Rxf2 28. c4 Bf3 29. Qc3+ Ne5 30. Rxe6 Bxd1 31. Rxe5 Kg6 32. Re6+ Kf5 33.
Qf6+ Kg4 34. Qxf2 Bf3 35. Qd4+ Kg3 36. Qg1+ Bg2 37. Qe1+ Kg4 38. Qe2+ Kg3 39.
Re3+ Kh2 40. Qh5+ Kg1 41. Re1+ Kf2 42. Qe2+ Kg3 1-0

[Event "Tournoi francophone 018G"]
[Site "Skype"]
[Date "????.??.??"]
[Round "2.4"]
[White "Dib, Catherine"]
[Black "Moraga Vasquez, Michael"]
[Result "0-1"]
[WhiteElo "1100"]
[BlackElo "1168"]
[PlyCount "75"]

1. Nf3 Nf6 2. c4 g6 3. b4 Bg7 4. Bb2 d6 5. g3 Nbd7 6. Bg2 c6 7. O-O O-O 8. d3
e5 9. Nbd2 a5 10. a3 Re8 11. e4 axb4 12. axb4 Rxa1 13. Bxa1 Nf8 14. Qb3 Ne6 15.
Qc3 d5 16. Nxe5 dxe4 17. dxe4 Ng5 18. Re1 Nh5 19. Ndf3 Nxf3+ 20. Bxf3 Bxe5 21.
Qc1 Bxa1 22. Qxa1 Nf6 23. e5 Bg4 24. Qc3 Bxf3 25. Qxf3 Nd7 26. Qf4 Qc7 27. e6
Qxf4 28. gxf4 Rxe6 29. Rxe6 fxe6 30. Kg2 Kf7 31. Kg3 Kf6 32. h4 h5 33. c5 Kf5
34. f3 e5 35. fxe5 Nxe5 36. f4 Nd3 37. Kf3 Nxb4 38. Ke3 0-1

[Event "Tournoi francophone 018G"]
[Site "Skype"]
[Date "????.??.??"]
[Round "2.5"]
[White "Martin, Jean-Claude"]
[Black "Prieto Umba, Jairo Ovidio"]
[Result "0-1"]
[WhiteElo "1128"]
[BlackElo "1219"]
[PlyCount "50"]

1. d4 d5 2. c4 e6 3. Nc3 Nf6 4. Bf4 c5 5. cxd5 exd5 6. e3 c4 7. a3 a6 8. Be2
Nc6 9. Nf3 Bd6 10. Bxd6 Qxd6 11. O-O O-O 12. h3 Re8 13. b3 b5 14. b4 h6 15. Nh4
Ne7 16. Bg4 Bxg4 17. hxg4 g5 18. Nf5 Nxf5 19. gxf5 Kg7 20. Qf3 g4 21. Qg3 Qxg3
22. fxg3 Rxe3 23. Nd1 Rxg3 24. Kh2 Rd3 25. Nb2 Rxd4 0-1

[Event "Tournoi francophone 018G"]
[Site "Skype"]
[Date "????.??.??"]
[Round "3.1"]
[White "Prieto Umba, Jairo Ovidio"]
[Black "Blanchard, Colette"]
[Result "1/2-1/2"]
[WhiteElo "1219"]
[BlackElo "1090"]
[PlyCount "74"]

1. d4 d5 2. c4 c6 3. Nf3 Nf6 4. cxd5 cxd5 5. Nc3 Bf5 6. e3 e6 7. Bb5+ Nc6 8.
Ne5 Rc8 9. a3 Bd6 10. Nf3 O-O 11. O-O a6 12. Bd3 Bxd3 13. Qxd3 Re8 14. b4 h6
15. b5 Na5 16. bxa6 Nb3 17. axb7 Nxa1 18. bxc8=Q Qxc8 19. Bb2 Nb3 20. Nb5 Nc5
21. dxc5 Qxc5 22. Rc1 Qb6 23. Bd4 Qb8 24. Ba7 Qd8 25. Rc6 Bb8 26. Bb6 Qe7 27.
Qc2 Nd7 28. Rc8 Nxb6 29. Rxe8+ Qxe8 30. a4 Nc4 31. Qb3 Qc6 32. Nbd4 Qc8 33. g3
Ne5 34. Nxe5 Bxe5 35. Qc2 Qb8 36. Nc6 Qc7 37. Nd4 Qe7 1/2-1/2

[Event "Tournoi francophone 018G"]
[Site "Skype"]
[Date "????.??.??"]
[Round "3.2"]
[White "Moraga Vasquez, Michael"]
[Black "Martin, Jean-Claude"]
[Result "1-0"]
[WhiteElo "1168"]
[BlackElo "1128"]
[PlyCount "69"]

1. e4 e5 2. Nf3 Nc6 3. Bb5 d6 4. O-O a6 5. Bxc6+ bxc6 6. d4 Nf6 7. dxe5 dxe5 8.
Qxd8+ Kxd8 9. Nxe5 Ke7 10. Bg5 Bb7 11. Re1 h6 12. Bxf6+ Kxf6 13. Nd7+ Ke7 14.
Nxf8 Rhxf8 15. Nc3 Rfd8 16. Rad1 Rxd1 17. Rxd1 Rd8 18. Rxd8 Kxd8 19. Na4 a5 20.
Nc5 Ba8 21. Kf1 Ke7 22. e5 g5 23. a3 Kd8 24. b4 axb4 25. axb4 Ke7 26. Ke2 f6
27. e6 Kd6 28. Ke3 f5 29. g3 Ke7 30. c4 Kd6 31. h4 Ke7 32. hxg5 hxg5 33. f3 g4
34. fxg4 fxg4 35. Kf4 1-0

[Event "Tournoi francophone 018G"]
[Site "Skype"]
[Date "????.??.??"]
[Round "3.3"]
[White "Abate, Luigi"]
[Black "Dib, Catherine"]
[Result "0-1"]
[WhiteElo "1153"]
[BlackElo "1100"]
[PlyCount "58"]

1. e4 c5 2. c4 d6 3. Nf3 Nc6 4. d3 Nf6 5. Bg5 e6 6. Nc3 a6 7. Be2 Be7 8. O-O
O-O 9. Re1 Rb8 10. a3 Qc7 11. d4 cxd4 12. Nxd4 Bd7 13. b4 Ne5 14. Bf4 Nxc4 15.
Bf3 e5 16. Nd5 Nxd5 17. exd5 Bf6 18. Ne6 fxe6 19. dxe6 Bxe6 20. Bg3 Rbd8 21.
Rc1 d5 22. Kf1 d4 23. Be2 b5 24. Bd3 Bg5 25. Bxe5 Qf7 26. f3 Ne3+ 27. Rxe3 Bxe3
28. Ra1 Bg4 29. Qc1 Bxc1 0-1

[Event "Tournoi francophone 018G"]
[Site "Skype"]
[Date "????.??.??"]
[Round "3.4"]
[White "Coude, Josue"]
[Black "Vervoort, Jean-Louis"]
[Result "1-0"]
[WhiteElo "1073"]
[BlackElo "1273"]
[PlyCount "81"]

1. d4 d5 2. Bf4 Nf6 3. Nf3 Bg4 4. e3 e6 5. Bd3 Nc6 6. c3 g6 7. Nbd2 Bg7 8. O-O
O-O 9. h3 Bxf3 10. Qxf3 Nh5 11. Bh2 Re8 12. Rfe1 Qf6 13. Qxf6 Bxf6 14. Bxc7 Re7
15. Bh2 Rae8 16. g4 Ng7 17. Re2 e5 18. Bb5 Re6 19. f3 R8e7 20. Rae1 exd4 21.
exd4 Rxe2 22. Rxe2 a6 23. Bd3 b5 24. a3 a5 25. Bxb5 Rxe2 26. Bxe2 Ne6 27. b4
axb4 28. axb4 Nxb4 29. cxb4 Bxd4+ 30. Kf1 Bc3 31. Nb3 Bxb4 32. Bb5 Be7 33. Be5
d4 34. Nxd4 Nxd4 35. Bxd4 Bh4 36. f4 g5 37. fxg5 Bxg5 38. Bf2 Kg7 39. Bd3 h6
40. h4 f6 41. hxg5 1-0

[Event "Tournoi francophone 018G"]
[Site "Skype"]
[Date "????.??.??"]
[Round "3.5"]
[White "Hampton, Irene"]
[Black "Lognos, Lina"]
[Result "0-1"]
[WhiteElo "1057"]
[BlackElo "1009"]
[PlyCount "52"]

1. d4 d5 2. Nc3 Nf6 3. Bf4 Nc6 4. e3 a6 5. a3 e6 6. Bd3 Bd6 7. Bg3 O-O 8. Qd2
Re8 9. O-O-O e5 10. Nf3 e4 11. Be2 exf3 12. Bxf3 Ne4 13. Nxe4 dxe4 14. Bxe4
Rxe4 15. f3 Re8 16. Qf2 Qe7 17. Rde1 b5 18. f4 b4 19. a4 Na5 20. Bh4 Qd7 21. h3
Qxa4 22. Re2 Qa1+ 23. Kd2 Qxb2 24. Rg1 Nb3+ 25. Kd3 Bf5+ 26. e4 Qc3# 0-1

[Event "Tournoi francophone 018G"]
[Site "Skype"]
[Date "????.??.??"]
[Round "4.1"]
[White "Blanchard, Colette"]
[Black "Lognos, Lina"]
[Result "0-1"]
[WhiteElo "1090"]
[BlackElo "1009"]
[PlyCount "92"]

1. d4 Nf6 2. c4 d5 3. Nc3 e6 4. Nf3 c6 5. e4 Bb4 6. Bd2 Bxc3 7. Bxc3 Nxe4 8.
Qc2 Nxc3 9. Qxc3 O-O 10. Bd3 Re8 11. O-O Nd7 12. b3 c5 13. cxd5 exd5 14. b4 Qc7
15. a3 c4 16. Bf5 Nf6 17. Bxc8 Raxc8 18. Rac1 Ne4 19. Qc2 b5 20. h3 Nf6 21. Ng5
Ne4 22. Nf3 Qb6 23. Qd1 Qa6 24. Ra1 Nc3 25. Qc2 Ne2+ 26. Kh1 Qf6 27. Rae1 Nxd4
28. Nxd4 Qxd4 29. Rd1 Qe4 30. Qc3 h6 31. Rd4 Qe2 32. Kg1 Qh5 33. Rg4 Re5 34.
Qd4 c3 35. Qf4 Qf5 36. Qc1 d4 37. Rxd4 Qg5 38. Qc2 Qe7 39. Rdd1 Re2 40. Qc1 c2
41. Rd5 Qb7 42. Rc5 Rxc5 43. bxc5 Qd5 44. Kh2 Qxc5 45. Rd1 Qe5+ 46. Kg1 cxd1=Q+
0-1

[Event "Tournoi francophone 018G"]
[Site "Skype"]
[Date "????.??.??"]
[Round "4.2"]
[White "Vervoort, Jean-Louis"]
[Black "Hampton, Irene"]
[Result "1-0"]
[WhiteElo "1273"]
[BlackElo "1057"]
[PlyCount "65"]

1. d4 c6 2. Bf4 Nf6 3. e3 d5 4. c3 Bf5 5. Nd2 e6 6. Ngf3 Be7 7. Nb3 Nbd7 8. Bd3
Bxd3 9. Qxd3 h6 10. O-O b6 11. Nbd2 c5 12. Rac1 O-O 13. Ne5 Qc8 14. Nxd7 Qxd7
15. e4 Rac8 16. e5 Nh7 17. Qg3 g5 18. h4 Kh8 19. hxg5 Rg8 20. Qh2 Rg6 21. gxh6
Rcg8 22. g3 Qd8 23. Kh1 f5 24. exf6 Rxf6 25. Be5 Rg5 26. f4 Rgg6 27. f5 Rg5 28.
fxe6 Qg8 29. Kg2 Qg6 30. Rce1 Rh5 31. Qg1 Qxh6 32. Qh2 Kg7 33. Rh1 1-0

[Event "Tournoi francophone 018G"]
[Site "Skype"]
[Date "????.??.??"]
[Round "4.3"]
[White "Dib, Catherine"]
[Black "Coude, Josue"]
[Result "0-1"]
[WhiteElo "1100"]
[BlackElo "1073"]
[PlyCount "70"]

1. Nf3 d5 2. c4 dxc4 3. g3 a6 4. Bg2 b5 5. O-O e6 6. a3 Nf6 7. Re1 Bc5 8. d3
cxd3 9. exd3 O-O 10. Nc3 c6 11. Qd2 h6 12. d4 Bb6 13. b4 Bb7 14. Bb2 Re8 15.
Rad1 a5 16. Qc2 axb4 17. axb4 Na6 18. Ba3 Qe7 19. Na2 Nd5 20. Qb2 Ra7 21. Rd3
Rea8 22. Ne5 Nac7 23. Rc1 Qd6 24. Rb3 Nf6 25. Nxc6 Ra6 26. Rbc3 Ba7 27. Ne7+
Qxe7 28. Bxb7 Bxd4 29. Bxa8 Bxc3 30. Nxc3 Rxa8 31. Rd1 Rd8 32. Qc2 Rxd1+ 33.
Qxd1 Ncd5 34. Nxb5 Ne4 35. Nd4 Qa7 0-1

[Event "Tournoi francophone 018G"]
[Site "Skype"]
[Date "????.??.??"]
[Round "4.5"]
[White "Prieto Umba, Jairo Ovidio"]
[Black "Moraga Vasquez, Michael"]
[Result "1-0"]
[WhiteElo "1219"]
[BlackElo "1168"]
[PlyCount "35"]

1. e4 e5 2. d4 exd4 3. Qxd4 Nc6 4. Qe3 Nf6 5. Nc3 Bb4 6. Bd2 O-O 7. Nf3 Re8 8.
O-O-O Bxc3 9. Bxc3 Nxe4 10. Nd4 d5 11. Nxc6 bxc6 12. Qd4 Nxc3 13. Qxc3 Qg5+ 14.
Kb1 Bd7 15. g3 Rab8 16. h4 Qg4 17. Bh3 d4 18. Qd3 1-0

[Event "Tournoi francophone 018G"]
[Site "Skype"]
[Date "????.??.??"]
[Round "5.1"]
[White "Moraga Vasquez, Michael"]
[Black "Blanchard, Colette"]
[Result "1-0"]
[WhiteElo "1168"]
[BlackElo "1090"]
[PlyCount "59"]

1. e4 e5 2. Nf3 Nf6 3. Nxe5 Nxe4 4. Qe2 d5 5. Nf3 Bd6 6. d3 Bf5 7. dxe4 Bxe4 8.
Ng5 Qe7 9. Nxe4 dxe4 10. Nc3 f5 11. Be3 Nd7 12. O-O-O O-O-O 13. Bxa7 Bf4+ 14.
Be3 Bxe3+ 15. Qxe3 Nb6 16. Rxd8+ Rxd8 17. Be2 g5 18. g4 Qe6 19. gxf5 Qxf5 20.
Qxe4 Qxf2 21. Bg4+ Kb8 22. Qxh7 Qg2 23. Rd1 Rxd1+ 24. Bxd1 g4 25. Qg8+ Ka7 26.
Qxg4 Qxh2 27. Nb5+ Ka6 28. Qe2 Qg1 29. Nxc7+ Ka5 30. Qb5# 1-0

[Event "Tournoi francophone 018G"]
[Site "Skype"]
[Date "????.??.??"]
[Round "5.2"]
[White "Abate, Luigi"]
[Black "Prieto Umba, Jairo Ovidio"]
[Result "0-1"]
[WhiteElo "1153"]
[BlackElo "1219"]
[PlyCount "101"]

1. e4 e6 2. g3 d5 3. exd5 Qxd5 4. Nf3 a6 5. Bg2 Be7 6. O-O Nf6 7. d3 h6 8. Bf4
Qd8 9. a3 b5 10. Nc3 Bb7 11. Re1 Nh5 12. Be5 Nd7 13. Bd4 Bf6 14. Ne5 Bxg2 15.
Kxg2 Bxe5 16. Bxe5 Nxe5 17. Rxe5 Nf6 18. d4 c6 19. Ne4 Nxe4 20. Rxe4 Qd5 21. f3
O-O 22. Re5 Qd6 23. Qd2 Rad8 24. c3 f6 25. Re3 c5 26. Rd1 Qd5 27. Rd3 c4 28.
Re3 Rfe8 29. Rde1 Kf7 30. Qc2 Qf5 31. Re4 Rd5 32. g4 Qg6 33. h3 h5 34. Qe2 e5
35. dxe5 f5 36. Rd4 Rdxe5 37. Rd7+ Kf8 38. Qd2 Rxe1 39. Rd6 R1e2+ 40. Kg3 Rxd2
41. Rxg6 hxg4 42. hxg4 fxg4 43. Rxg4 Rxb2 44. Rg6 Ra8 45. Rg4 Rc2 46. Rf4+ Kg8
47. Kg4 Rf8 48. Re4 Rxc3 49. f4 Rd3 50. Kg5 Kf7 51. f5 0-1

[Event "Tournoi francophone 018G"]
[Site "Skype"]
[Date "????.??.??"]
[Round "5.3"]
[White "Coude, Josue"]
[Black "Martin, Jean-Claude"]
[Result "1-0"]
[WhiteElo "1073"]
[BlackElo "1128"]
[PlyCount "35"]

1. d4 e5 2. dxe5 Nc6 3. Nf3 Qe7 4. Bf4 Qb4+ 5. Nc3 Kd8 6. Rb1 Qxf4 7. e3 Qb4 8.
a3 Qe7 9. Bc4 Nxe5 10. Nd5 Nxf3+ 11. Qxf3 Qe8 12. O-O Bd6 13. Rfd1 c6 14. Nc3
f6 15. Rxd6 Qe5 16. Rbd1 Qc5 17. Bxg8 Rxg8 18. Qh3 1-0

[Event "Tournoi francophone 018G"]
[Site "Skype"]
[Date "????.??.??"]
[Round "5.4"]
[White "Hampton, Irene"]
[Black "Dib, Catherine"]
[Result "0-1"]
[WhiteElo "1057"]
[BlackElo "1100"]
[PlyCount "62"]

1. d4 Nf6 2. Nc3 g6 3. Bf4 d6 4. e3 Bg7 5. Bb5+ c6 6. Bc4 O-O 7. Nf3 Nbd7 8.
Qe2 a6 9. O-O-O Qe8 10. h4 e5 11. dxe5 dxe5 12. Bg3 Qe7 13. Bd3 e4 14. Nxe4
Nxe4 15. Qe1 Re8 16. Bf4 Qf6 17. Nd4 c5 18. c3 cxd4 19. cxd4 Ndc5 20. Bc4 Bf5
21. f3 Nd6 22. Bd5 Rab8 23. h5 Nd3+ 24. Rxd3 Bxd3 25. Qg3 Rbc8+ 26. Kd2 Nf5 27.
Qh3 Bb5 28. hxg6 Qxg6 29. g4 Nxe3 30. Bd6 Qd3+ 31. Ke1 Qe2# 0-1

[Event "Tournoi francophone 018G"]
[Site "Skype"]
[Date "????.??.??"]
[Round "5.5"]
[White "Lognos, Lina"]
[Black "Vervoort, Jean-Louis"]
[Result "1/2-1/2"]
[WhiteElo "1009"]
[BlackElo "1273"]
[PlyCount "71"]

1. d4 d5 2. Bf4 Bg4 3. Nf3 Bxf3 4. gxf3 Nf6 5. Nc3 Nc6 6. e3 e6 7. Bd3 Bb4 8.
Qd2 Nh5 9. Bg3 Qe7 10. a3 Ba5 11. Qe2 Bxc3+ 12. bxc3 O-O 13. Bb5 Nf6 14. c4 a6
15. Bxc6 bxc6 16. c5 Rfb8 17. O-O Nh5 18. f4 Nxg3 19. fxg3 Rb7 20. Rab1 Rab8
21. Rxb7 Rxb7 22. Qxa6 Rb2 23. Qa8+ Qf8 24. Qxf8+ Kxf8 25. a4 Rxc2 26. a5 Ra2
27. Rb1 Ke7 28. Rb7 Kd7 29. Rb8 Rxa5 30. Kg2 Ra2+ 31. Kh3 Re2 32. Rb3 Rf2 33.
Rb8 Rf3 34. Rf8 Ke7 35. Rc8 Kd7 36. Rf8 1/2-1/2

[Event "Tournoi francophone 018G"]
[Site "Skype"]
[Date "????.??.??"]
[Round "6.1"]
[White "Blanchard, Colette"]
[Black "Vervoort, Jean-Louis"]
[Result "1/2-1/2"]
[WhiteElo "1090"]
[BlackElo "1273"]
[PlyCount "60"]

1. d4 d5 2. c4 c6 3. Nc3 Nf6 4. Nf3 Bg4 5. e3 e6 6. Be2 Bb4 7. O-O O-O 8. Ne5
Bxe2 9. Qxe2 Qd6 10. h3 Nfd7 11. Nxd7 Nxd7 12. a3 Ba5 13. b4 Bc7 14. g3 Nf6 15.
Qf3 Ne4 16. Nxe4 dxe4 17. Qxe4 f5 18. Qg2 Rf6 19. f4 Kh8 20. Bb2 Rg6 21. Rf3
Rf8 22. Rd1 Rh6 23. h4 Rff6 24. d5 Rfg6 25. c5 Qe7 26. d6 Qd8 27. Be5 Rxh4 28.
Kf2 Rhg4 29. Rh1 Bb8 30. Qh2 Rh6 1/2-1/2

[Event "Tournoi francophone 018G"]
[Site "Skype"]
[Date "????.??.??"]
[Round "6.2"]
[White "Dib, Catherine"]
[Black "Lognos, Lina"]
[Result "0-1"]
[WhiteElo "1100"]
[BlackElo "1009"]
[PlyCount "56"]

1. Nf3 d5 2. c4 Nf6 3. b4 e6 4. a3 g6 5. e3 Bg7 6. Bb2 O-O 7. Be2 Nbd7 8. O-O
a6 9. Nc3 Nb6 10. cxd5 Nbxd5 11. Qc2 c6 12. d4 b5 13. h3 Nxc3 14. Bxc3 Nd5 15.
Bb2 Bb7 16. Rac1 Qc7 17. Rfd1 Rfe8 18. Qd2 Nf6 19. Qd3 Nd5 20. Re1 Nb6 21. Ba1
Rad8 22. Qc2 Nd5 23. g3 f6 24. Rcd1 Bc8 25. e4 Ne7 26. e5 Nd5 27. Rd3 Ne7 28.
exf6 Bxf6 0-1

[Event "Tournoi francophone 018G"]
[Site "Skype"]
[Date "????.??.??"]
[Round "6.3"]
[White "Martin, Jean-Claude"]
[Black "Hampton, Irene"]
[Result "1-0"]
[WhiteElo "1128"]
[BlackElo "1057"]
[PlyCount "61"]

1. d4 c6 2. c4 d5 3. Nc3 Nf6 4. Bf4 Bf5 5. cxd5 cxd5 6. Nb5 Na6 7. Rc1 e5 8.
dxe5 Be7 9. Nd6+ Kf8 10. Nxf5 Bb4+ 11. Bd2 Bc5 12. a3 Ne4 13. e3 Rc8 14. Bxa6
bxa6 15. b4 Bb6 16. Rxc8 Qxc8 17. Ne2 Qxf5 18. f4 g5 19. Ng3 Qf6 20. Nxe4 Qg6
21. Nxg5 Qh6 22. h3 Qc6 23. Qc1 Qc4 24. Qxc4 dxc4 25. O-O h6 26. Ne4 Rg8 27.
Rc1 Kg7 28. Rxc4 Bd8 29. Rc6 Bh4 30. Rxa6 Kh7 31. Nf6+ 1-0

[Event "Tournoi francophone 018G"]
[Site "Skype"]
[Date "????.??.??"]
[Round "6.4"]
[White "Prieto Umba, Jairo Ovidio"]
[Black "Coude, Josue"]
[Result "1-0"]
[WhiteElo "1219"]
[BlackElo "1073"]
[PlyCount "71"]

1. d4 d5 2. c4 c6 3. c5 Bf5 4. Bf4 e6 5. h3 Nf6 6. e3 b6 7. b4 Ne4 8. Bd3 Be7
9. Nf3 O-O 10. O-O Re8 11. Bxe4 Bxe4 12. Nh2 a5 13. Nc3 Bf5 14. a3 Nd7 15. Nf3
axb4 16. axb4 b5 17. Re1 Rxa1 18. Qxa1 Qa8 19. Qa5 Qxa5 20. bxa5 Ra8 21. Ra1 b4
22. Nd1 Nb8 23. Bxb8 Rxb8 24. Ne5 Rc8 25. a6 f6 26. Nd7 Rd8 27. a7 Rxd7 28.
a8=Q+ Kf7 29. Qxc6 Rd8 30. Ra7 Kf8 31. g4 Bg6 32. Qxe6 Re8 33. Qxd5 Bc2 34. Nb2
b3 35. Qd7 Bg6 36. c6 1-0

[Event "Tournoi francophone 018G"]
[Site "Skype"]
[Date "????.??.??"]
[Round "6.5"]
[White "Moraga Vasquez, Michael"]
[Black "Abate, Luigi"]
[Result "1/2-1/2"]
[WhiteElo "1168"]
[BlackElo "1153"]
[PlyCount "84"]

1. e4 e5 2. Nf3 Nc6 3. Bb5 d6 4. O-O Nf6 5. Re1 Ng4 6. h3 Nf6 7. d4 Be7 8. dxe5
dxe5 9. Qxd8+ Bxd8 10. Nxe5 O-O 11. Bxc6 bxc6 12. Nxc6 Bb7 13. e5 Nh5 14. Nxd8
Raxd8 15. Nc3 Rfe8 16. Be3 Rxe5 17. Bxa7 Rg5 18. Ne4 Rg6 19. Ng3 Nxg3 20. fxg3
Rxg3 21. Re2 Rd6 22. Rae1 h6 23. Kh2 Rdg6 24. Rg1 Kh7 25. Bf2 R3g5 26. g4 Re6
27. Rge1 Bc8 28. Rxe6 Bxe6 29. a3 h5 30. Rg1 hxg4 31. hxg4 Bxg4 32. Bh4 Rg6 33.
Bf2 f5 34. Bg3 Bf3 35. Bxc7 Rh6+ 36. Kg3 Rg6+ 37. Kf2 Rc6 38. Kxf3 Rxc7 39. Rg2
Rd7 40. Ke2 Kh6 41. Rg1 g5 42. Kf3 Rd4 1/2-1/2

[Event "Tournoi francophone 018G"]
[Site "Skype"]
[Date "????.??.??"]
[Round "7.1"]
[White "Abate, Luigi"]
[Black "Blanchard, Colette"]
[Result "0-1"]
[WhiteElo "1153"]
[BlackElo "1090"]
[PlyCount "46"]

1. e4 e5 2. Nf3 Nc6 3. Bb5 d6 4. Bxc6+ bxc6 5. O-O Nf6 6. Re1 Be7 7. Nc3 O-O 8.
d4 h6 9. dxe5 Ng4 10. Bf4 Bd7 11. exd6 cxd6 12. Bxd6 Bxd6 13. Qxd6 Nf6 14. e5
Ne8 15. Rad1 Nxd6 16. Rxd6 Qc7 17. Red1 Rad8 18. Ne4 Bf5 19. R1d4 Rde8 20. Rd7
Bxd7 21. Nc5 Rd8 22. Re4 Bf5 23. Rf4 Rd1+ 0-1

[Event "Tournoi francophone 018G"]
[Site "Skype"]
[Date "????.??.??"]
[Round "7.3"]
[White "Hampton, Irene"]
[Black "Prieto Umba, Jairo Ovidio"]
[Result "0-1"]
[WhiteElo "1057"]
[BlackElo "1219"]
[PlyCount "52"]

1. d4 d5 2. Nc3 e6 3. Bf4 Bd6 4. Bg3 Bxg3 5. hxg3 Nc6 6. e3 a6 7. Be2 Nf6 8.
Qd2 b5 9. a3 Qd6 10. g4 O-O 11. O-O-O b4 12. Nb1 bxa3 13. Nxa3 Na7 14. Nf3 Nxg4
15. Bd3 f5 16. Rde1 c5 17. c3 c4 18. Bc2 Rb8 19. Bd1 Bd7 20. Ng5 Nf6 21. Bf3
Nc6 22. g3 Na5 23. Re2 Nb3+ 24. Kb1 Nxd2+ 25. Rxd2 Qxa3 26. Nxe6 Bxe6 0-1

[Event "Tournoi francophone 018G"]
[Site "Skype"]
[Date "????.??.??"]
[Round "7.4"]
[White "Lognos, Lina"]
[Black "Martin, Jean-Claude"]
[Result "1-0"]
[WhiteElo "1009"]
[BlackElo "1128"]
[PlyCount "77"]

1. d4 e5 2. dxe5 Nc6 3. Nf3 Qe7 4. e3 Nxe5 5. c3 Nxf3+ 6. Qxf3 Nf6 7. Bd3 c6 8.
O-O d5 9. h3 h6 10. Re1 Qd6 11. Nd2 Be7 12. Nf1 O-O 13. Ng3 Bd7 14. Nf5 Bxf5
15. Qxf5 g6 16. Qf4 Qxf4 17. exf4 Rae8 18. Bd2 Bc5 19. f5 Rxe1+ 20. Rxe1 h5 21.
Bh6 Re8 22. Rxe8+ Nxe8 23. fxg6 fxg6 24. Bxg6 Ng7 25. Kf1 a5 26. g4 hxg4 27.
hxg4 b5 28. f4 Bf8 29. f5 Nxf5 30. Bxf8 Ne3+ 31. Ke2 Kxf8 32. Kxe3 c5 33. Kf4
d4 34. cxd4 cxd4 35. Ke4 d3 36. Kxd3 Kg7 37. Bf5 Kf6 38. Kd4 a4 39. Kc5 1-0